Eastern Utah Libraries Catalog: Duchesne, Heber, Roosevelt, & Vernal

Devil's food cake murder / (Record no. 75403)

MARC details
000 -LEADER
fixed length control field 01528cam a2200349 a 4500
001 - CONTROL NUMBER
control field BK0009165230
005 - DATE AND TIME OF LATEST TRANSACTION
control field 20241220130438.0
008 - FIXED-LENGTH DATA ELEMENTS--GENERAL INFORMATION
fixed length control field 110119s2011 nyu 000 1 eng d
010 ## - LIBRARY OF CONGRESS CONTROL NUMBER
LC control number bl2011001695
020 ## - INTERNATIONAL STANDARD BOOK NUMBER
International Standard Book Number 9780758234919 : HRD
Terms of availability $24.00
020 ## - INTERNATIONAL STANDARD BOOK NUMBER
International Standard Book Number 0758234910 : HRD
Terms of availability $24.00
037 ## - SOURCE OF ACQUISITION
Source of stock number/acquisition Kensington Pub Corp, C/O Penguin Group USA Attn: Order Processing 405 Murray Hill Pkwy, E Rutherford, NJ, USA, 07073-2136, (201)9646625
Note SAN 282-5074
040 ## - CATALOGING SOURCE
Original cataloging agency NjBwBT
Transcribing agency NjBwBT
Modifying agency GCmBT
-- NjBwBT
050 14 - LIBRARY OF CONGRESS CALL NUMBER
Classification number PS3556.L685
Item number D48 2011b
082 04 - DEWEY DECIMAL CLASSIFICATION NUMBER
Classification number 813/.54
Edition number 22
092 ## - LOCALLY ASSIGNED DEWEY CALL NUMBER (OCLC)
Classification number 813.5400
092 ## - LOCALLY ASSIGNED DEWEY CALL NUMBER (OCLC)
Classification number FLUKE
100 1# - MAIN ENTRY--PERSONAL NAME
Personal name Fluke, Joanne,
Dates associated with a name 1943-
9 (RLIN) 37522
245 10 - TITLE STATEMENT
Title Devil's food cake murder /
Statement of responsibility, etc Joanne Fluke.
260 ## - PUBLICATION, DISTRIBUTION, ETC. (IMPRINT)
Place of publication, distribution, etc New York :
Name of publisher, distributor, etc Kensington Books,
Date of publication, distribution, etc c2011.
300 ## - PHYSICAL DESCRIPTION
Extent ix, 322 p. ;
Dimensions 22 cm.
490 1# - SERIES STATEMENT
Series statement A Hannah Swensen mystery with recipes!
520 ## - SUMMARY, ETC.
Summary, etc After her best friend Claire and her new husband, the Reverend Bob Knudson, leave for their long-awaited honeymoon, Hannah Swensen stumbles upon the body of Bob's substitute, Matthew Walters, a Lutheran minister with a sweet tooth and a penchant for robbery, in the rectory.
650 #0 - SUBJECT ADDED ENTRY--TOPICAL TERM
Topical term or geographic name as entry element Swensen, Hannah (Fictitious character)
Form subdivision Fiction.
9 (RLIN) 5674507
650 #0 - SUBJECT ADDED ENTRY--TOPICAL TERM
Topical term or geographic name as entry element Bakers
Form subdivision Fiction.
9 (RLIN) 5674509
650 #0 - SUBJECT ADDED ENTRY--TOPICAL TERM
Topical term or geographic name as entry element Murder
General subdivision Investigation
Form subdivision Fiction.
9 (RLIN) 5673630
651 #0 - SUBJECT ADDED ENTRY--GEOGRAPHIC NAME
Geographic name Minnesota
Form subdivision Fiction.
9 (RLIN) 5674510
655 #7 - INDEX TERM--GENRE/FORM
Genre/form data or focus term Mystery fiction.
Source of term gsafd
9 (RLIN) 6218866
800 1# - SERIES ADDED ENTRY--PERSONAL NAME
Personal name Fluke, Joanne,
Dates associated with a name 1943-
Title of a work Hannah Swensen mystery.
9 (RLIN) 77354
942 ## - ADDED ENTRY ELEMENTS (KOHA)
Koha item type BOOK
998 ## - LOCAL CONTROL INFORMATION (RLIN)
-- a141459
Holdings
Withdrawn status Lost status Source of classification or shelving scheme Damaged status Not for loan Collection code Home library Current library Shelving location Date acquired Source of acquisition Cost, normal purchase price Total Checkouts Total Renewals Full call number Barcode Date last seen Date checked out Cost, replacement price Price effective from Koha item type
    Dewey Decimal Classification     Fiction Wasatch County Library Wasatch County Library First Floor 07/20/2018 Amazon 15.95 10 7 F Fluke 34301001875212 09/04/2025 07/01/2025 15.95 03/20/2020 BOOK
This project was made possible through a grant from the Institute of Museum and Library Service administered by the Utah State Library Division.

Wasatch County Library

  • 465 East 1200 South, Heber City, Utah 84032
  • Phone 435-654-1511 | Fax 435-654-6456

Hours

  • Monday - Friday 9:30 AM - 8:00 PM
  • Saturday 9:30 AM - 1:30 PM
  • Closed Sundays and Holidays